000 00547nam a2200169 i 4500
001 79350
003 ES-MaACL
005 20230906173947.0
007 t|
008 041021s1999 sp ||||1| spa d
100 1 _aHermet, Guy.
_962749
245 1 4 _aLos espaƱoles en Francia
_b: inmigración y cultura /
_cGuy Hermet ; [traducido por Marie Francoise Pierson Langbach].
260 _a[Madrid] :
_bGuadiana,
_c[1969]
300 _a294 p. ;
_c21 cm.
700 1 _aPierson Langbach, Marie Francoise.
_991973
852 _aES-MaACL
_jC-37015
_bR.69841
999 _c79350
_d79350